• 首页
  • 本馆介绍
  • 公告通知
  • 最新文献
  • 馆藏检索
  • 电子资源
  • 读者导购
  • 参考咨询
  • 我的图书馆
  • 登录
  • 详细信息显示
  • 放入我的书架
  • 预约/预借图书
  • 作者相关作品
  • 分类相关作品
  • 丛书相关作品
  • 出版社相关作品

书目信息

  • 表格格式
  • 工作单格式
  • 卡片格式
题名:
毛主席诗词讲解
    
 
作者: ;吉林师范大学中文系 编
分册:  
出版信息: 长春   吉林人民出版社  1977
页数: 260页
开本: 20cm
丛书名:
单 册:
中图分类: A841.4
科图分类:
主题词: 毛主席诗词研究
电子资源:
ISBN:
000 00643nam0 2200229 45
001 0177003454
005 20040424085324.0
010    @dCNY0.72
100    @a19951019d1977 em y0chiy0121 ea
101 0  @achi
102    @aCN@b220000
105    @ay r 000yy
106    @ar
200 10 @a毛主席诗词讲解@Amao zhu xi shi ci jiang jie@f吉林师范大学中文系编
210    @a长春@c吉林人民出版社@d1977
215    @a260页@d20cm
606    @a毛主席诗词研究
690    @aA841.4@v3
711 02 @a吉林师范大学中文系@Aji lin shi fan da xue zhong wen xi@4编
801  0 @aCN@b广东省中山图书馆@c20040424
801  2 @aCN@bNLC@c20040424
905    @dA841.4@e26
    
    毛主席诗词讲解/吉林师范大学中文系编.-长春:吉林人民出版社,1977
    260页;20cm
    
    
    ISBN :CNY0.72
    
●
相关链接 在E读中查询图书 在五车中查询图书 在当当中查询图书 在豆瓣中查询图书


正题名:毛主席诗词讲解     索取号:A841.4/26         预约/预借

序号 登录号 条形码 馆藏地/架位号 状态 备注
1 0228900   001390845   第一样本阅览室/ [索取号:A841.4/26] 在馆    
唐山师范学院图书馆 欢迎您!
大连网信软件有限公司© 版权所有